[Event "Olympiad-43"]
[Site "Batumi"]
[Date "2018.09.26"]
[Round "3.69"]
[White "Ayyad, Maher"]
[Black "Abo Moliana, Montasar"]
[Result "0-1"]
[WhiteElo "2106"]
[BlackElo "1993"]
[PlyCount "100"]
[EventDate "2018.09.24"]
[EventType "team-swiss"]
[EventRounds "11"]
[EventCountry "GEO"]
[SourceTitle "CBM 187"]
[Source "ChessBase"]
[SourceDate "2018.12.11"]
[SourceVersion "1"]
[SourceVersionDate "2018.12.11"]
[SourceQuality "1"]
[WhiteTeam "Bahrain"]
[BlackTeam "Libya"]
[WhiteTeamCountry "BHN"]
[BlackTeamCountry "LBY"]

1. d4 Nf6 2. Nf3 g6 3. g3 Bg7 4. Bg2 0-0 5. 0-0 d6 6. c4 c6 7. Nc3 Qa5 8. d5 cxd5 9. cxd5 b5 10. Nd4 b4 11. Ne4 Nxe4 12. Bxe4 Bh3 13. Re1 Na6 14. Bf3 Nc5 15. Nc6 Qc7 16. Nxb4 a5 17. Nc6 a4 18. Rb1 e5 19. dxe6 fxe6 20. Be3 Rxf3 21. Ne7+ Qxe7 22. exf3 Qb7 23. b4 axb3 24. Bxc5 dxc5 25. Rxb3 Qd5 26. Rd3 Bd4 27. a4 e5 28. Ra3 c4 29. Qd2 c3 30. Rxc3 Rxa4 31. Rce3 Qa8 32. Rb3 Ra2 33. Rb8+ Qxb8 34. Qxa2+ Kg7 35. Rb1 Qc8 36. Qe2 Qc3 37. Rb7+ Kh6 38. Qd1 Qa1 39. Rb1 Qa7 40. Qd2+ Kg7 41. Qe2 Qf7 42. Rc1 Be6 43. Re1 Bd5 44. Kg2 g5 45. h3 h5 46. g4 hxg4 47. hxg4 Qf4 48. Rg1 Qxg4+ 49. Kf1 Qh3+ 50. Ke1 Bc3+ 0-1

[Event "Olympiad-43"]
[Site "Batumi"]
[Date "2018.09.24"]
[Round "1.41"]
[White "Abo Moliana, Montasar"]
[Black "Fawzy, Adham"]
[Result "1/2-1/2"]
[WhiteElo "1993"]
[BlackElo "2431"]
[PlyCount "98"]
[EventDate "2018.09.24"]
[EventType "team-swiss"]
[EventRounds "11"]
[EventCountry "GEO"]
[SourceTitle "CBM 187"]
[Source "ChessBase"]
[SourceDate "2018.12.11"]
[SourceVersion "1"]
[SourceVersionDate "2018.12.11"]
[SourceQuality "1"]
[WhiteTeam "Libya"]
[BlackTeam "Egypt"]
[WhiteTeamCountry "LBY"]
[BlackTeamCountry "EGY"]

1. e4 c5 2. Nf3 Nc6 3. d4 cxd4 4. Nxd4 Nf6 5. Nc3 e5 6. Ndb5 d6 7. Bg5 a6 8. Na3 b5 9. Nd5 Be7 10. Bxf6 Bxf6 11. c3 Bg5 12. Nc2 Rb8 13. Qd3 0-0 14. Be2 Be6 15. 0-0 g6 16. Rad1 Rb7 17. Bf3 a5 18. Nce3 Kh8 19. a4 bxa4 20. Qa6 Qc8 21. Nc4 Rb3 22. Qxc8 Bxc8 23. Ndb6 Be7 24. Ra1 Ba6 25. Bd1 Rxb6 26. Nxb6 Rb8 27. Nd5 Bxf1 28. Kxf1 a3 29. Rxa3 Bg5 30. Rb3 Rxb3 31. Bxb3 Kg7 32. Ba4 Ne7 33. Nxe7 Bxe7 34. Ke2 f5 35. f3 Kf6 36. b4 axb4 37. cxb4 d5 38. exd5 Bxb4 39. Bc2 h5 40. Bd3 Bc5 41. h3 Kg5 42. Bb5 Kh4 43. Bd7 Bb6 44. Kf1 Kg5 45. Be8 Bc5 46. Ke2 e4 47. fxe4 fxe4 48. Kf1 Kf5 49. Ke2 Ke5 1/2-1/2

[Event "Tripoli Naami op"]
[Site "Tripoli"]
[Date "2017.04.03"]
[Round "7"]
[White "Abo Moliana, Montasar"]
[Black "Shuaib, Faris"]
[Result "1-0"]
[WhiteElo "1951"]
[BlackElo "1826"]
[PlyCount "61"]
[EventDate "2017.03.30"]
[EventType "swiss"]
[EventRounds "9"]
[EventCountry "LBY"]
[SourceTitle "CBM 177 Extra"]
[Source "ChessBase"]
[SourceDate "2017.04.27"]
[SourceVersion "1"]
[SourceVersionDate "2017.04.27"]
[SourceQuality "1"]

1. e4 e5 2. Nf3 Nc6 3. Bb5 a6 4. Bxc6 dxc6 5. d3 Bd6 6. Nbd2 Bg4 7. h3 Be6 8. Qe2 Ne7 9. d4 Ng6 10. dxe5 Nxe5 11. Nxe5 Bxe5 12. 0-0 Qf6 13. Nf3 h6 14. Qe3 0-0 15. Nxe5 Qxe5 16. f4 Qb5 17. f5 Bc4 18. Re1 f6 19. b3 Bf7 20. Bb2 Rad8 21. Kh1 Rd7 22. Qg3 Kh7 23. e5 fxe5 24. Rxe5 Bd5 25. c4 Bxg2+ 26. Qxg2 Qb4 27. Rg1 Rff7 28. Qg6+ Kh8 29. Qxh6+ Kg8 30. Re8+ Rf8 31. Rxg7+ 1-0